000 00522nam a2200181Ia 4500
005 20250923150127.0
008 008 250917s9999 xx 000 0 eng d
037 _aTextual
040 _aDSWL
_beng
_cDSWL
041 _aeng
_2eng
084 _qDSWL
100 _aMukherjee, K.K.
_9842538
245 0 _aFemale prostitutes and their children in the city of Delhi
_c by K.K.Mukherjee
260 _aGhaziabad
_bGNK
_c1998
700 _a Sutapa Mukherkee
_9842539
942 _cTEXL
999 _c1459864
_d1459864